00691nam a2200229 a 4500001001300000003000900013005001700022008004100039020001000080082001500090100001700105245005200122260004200174300000900216500003500225505002000260650002100280902000800301942000700309952012800316999001700444nice12345678IN_TiNIC20260116013800.0050524s1998 mana grp 000 0 eng  ac20000a294.5bHIG aHiggins, J C aNotes on Meithei (manipuri) Beliefs and Customs aManipurbManipur State Archivesc1998 a176p aincludes index and biblioraphy2 aAppendex, Index aManipur-Religion bSRS cBK 001040708StackRoom-aHMIbHMId2007-07-23g200.00l1o294.5 HIGp019934r2020-02-06s2020-01-31v200.00w2005-05-24yBK c12473d12473